<?xml version="1.0" encoding="UTF-8"?>
<record
    xmlns:xsi="http://www.w3.org/2001/XMLSchema-instance"
    xsi:schemaLocation="http://www.loc.gov/MARC21/slim http://www.loc.gov/standards/marcxml/schema/MARC21slim.xsd"
    xmlns="http://www.loc.gov/MARC21/slim">

  <leader>00840nam a2200217Ia 4500</leader>
  <datafield tag="952" ind1=" " ind2=" ">
    <subfield code="0">0</subfield>
    <subfield code="1">0</subfield>
    <subfield code="4">0</subfield>
    <subfield code="7">0</subfield>
    <subfield code="a">11</subfield>
    <subfield code="b">11</subfield>
    <subfield code="d">2009-06-18</subfield>
    <subfield code="l">3</subfield>
    <subfield code="o">RC488 V35 2007</subfield>
    <subfield code="p">11 007865</subfield>
    <subfield code="r">2016-09-26</subfield>
    <subfield code="s">2016-09-26</subfield>
    <subfield code="t">1</subfield>
    <subfield code="w">2012-06-26</subfield>
    <subfield code="y">LB</subfield>
  </datafield>
  <datafield tag="952" ind1=" " ind2=" ">
    <subfield code="0">0</subfield>
    <subfield code="1">0</subfield>
    <subfield code="2">lcc</subfield>
    <subfield code="4">0</subfield>
    <subfield code="7">0</subfield>
    <subfield code="a">04</subfield>
    <subfield code="b">04</subfield>
    <subfield code="d">2017-05-25</subfield>
    <subfield code="l">3</subfield>
    <subfield code="o">RC488 V35 2007</subfield>
    <subfield code="p">06 003575</subfield>
    <subfield code="r">2023-10-06</subfield>
    <subfield code="s">2023-05-06</subfield>
    <subfield code="t">1</subfield>
    <subfield code="w">2017-05-25</subfield>
    <subfield code="y">LB</subfield>
  </datafield>
  <datafield tag="952" ind1=" " ind2=" ">
    <subfield code="0">0</subfield>
    <subfield code="1">0</subfield>
    <subfield code="2">lcc</subfield>
    <subfield code="4">0</subfield>
    <subfield code="7">0</subfield>
    <subfield code="a">06</subfield>
    <subfield code="b">06</subfield>
    <subfield code="d">2017-05-25</subfield>
    <subfield code="l">3</subfield>
    <subfield code="o">RC488 V35 2007</subfield>
    <subfield code="p">06 003576</subfield>
    <subfield code="r">2019-10-19</subfield>
    <subfield code="s">2019-10-19</subfield>
    <subfield code="t">2</subfield>
    <subfield code="w">2017-05-25</subfield>
    <subfield code="y">LB</subfield>
  </datafield>
  <datafield tag="999" ind1=" " ind2=" ">
    <subfield code="c">72244</subfield>
    <subfield code="d">72244</subfield>
  </datafield>
  <controlfield tag="008">120626s2007    mx            000 0 spa d</controlfield>
  <datafield tag="020" ind1=" " ind2=" ">
    <subfield code="a">9789707292949</subfield>
  </datafield>
  <datafield tag="050" ind1=" " ind2=" ">
    <subfield code="a">RC488 V35 2007</subfield>
  </datafield>
  <datafield tag="100" ind1=" " ind2=" ">
    <subfield code="a">Vald&#xE9;s Cuervo, &#xC1;ngel Alberto</subfield>
    <subfield code="e">autor</subfield>
  </datafield>
  <datafield tag="245" ind1=" " ind2=" ">
    <subfield code="a">Familia y desarrollo : Intervenciones en terapia familiar</subfield>
    <subfield code="c">/ &#xC1;ngel Alberto Vald&#xE9;s Cuervo</subfield>
  </datafield>
  <datafield tag="260" ind1=" " ind2=" ">
    <subfield code="a">M&#xE9;xico</subfield>
    <subfield code="b">: Manual Moderno</subfield>
    <subfield code="c">, 2007</subfield>
  </datafield>
  <datafield tag="300" ind1=" " ind2=" ">
    <subfield code="a">184 p&#xE1;ginas</subfield>
  </datafield>
  <datafield tag="336" ind1=" " ind2=" ">
    <subfield code="a">terxto</subfield>
  </datafield>
  <datafield tag="337" ind1=" " ind2=" ">
    <subfield code="a">sin medio</subfield>
  </datafield>
  <datafield tag="338" ind1=" " ind2=" ">
    <subfield code="a">volumen</subfield>
  </datafield>
  <datafield tag="519" ind1=" " ind2=" ">
    <subfield code="a">Educaci&#xF3;n Mixta / </subfield>
    <subfield code="b">Psicolog&#xED;a / </subfield>
    <subfield code="c">Intervenci&#xF3;n en casos de desastre  (P19-1) / </subfield>
    <subfield code="d">(06 003575)</subfield>
  </datafield>
  <datafield tag="650" ind1=" " ind2="0">
    <subfield code="a">PSICOTERAPIA FAMILIAR</subfield>
  </datafield>
  <datafield tag="650" ind1=" " ind2="0">
    <subfield code="a">FAMILIA</subfield>
    <subfield code="x">ASPECTOS PSICOL&#xD3;GICOS</subfield>
    <subfield code="z">AMERICA LATINA</subfield>
  </datafield>
  <datafield tag="942" ind1=" " ind2=" ">
    <subfield code="2">lcc</subfield>
    <subfield code="c">LB</subfield>
  </datafield>
</record>
